00482nam a2200181Ia 4500003000400000005001700004008004100021040000700062041000900069082001600078100004700094245006600141260004200207300001100249365001000260650001500270650001500285OSt20250917114005.0210719s1985 xx 000 0 und d cAL aTulu aT894.2 RAVS aRAV (P S)dರಾವ್ (ಪಿ ಎಸ್) aSorkugu saval?bಸೊರ್ಕುಗ್ ಸವಾಲ್  aMangalurubSahodara Kala Vrandac1985 a48bPB b5cRs aTulu Drama aTulu Drama